Auto da barca do Inferno - Statistics

Estatísticas Gerais
  • Esse quiz foi jogado 113 vezes
  • A pontuação média é 7 de 15
Estatísticas das Respostas
Hint Resposta % Correto
Quem foi o autor da peça? Gil Vicente
93%
Quantas barcas existem na peça? 2
61%
Quem é o representante da barca do Inferno? Diabo
57%
Quem é o representante da barca da Glória? Anjo
55%
Para que barca vão a maior parte das personagens? Inferno
52%
Qual é a primeira barca a que se dirigem as personagens? Inferno
52%
Para que barca vai o Onzeneiro ? Inferno
52%
Para que barca vai o sapateiro? Inferno
52%
Para que barca vai o Frade? Inferno
52%
Para que barca vai o judeu? Inferno
52%
Para que barca vai Joane? Glória
33%
De que século é a peça? Século XVI
30%
Quem é Brígida Vaz? Alcoviteira
26%
Quem é D. Anrique? Fidalgo
26%
Como se chama o local onde as personagens ficam à espera da sua sentença? Pregatório
1%
Nenhum quiz correspondente encontrado
Distribuição das Pontuações
Porcentagem de Pessoas com Cada Pontuação
Percentil de Números Respondidos
Sua Pontuação Histórica
Você não jogou esse quiz